Statistics for Southern Hemisphere Countries That Begin With A Vowel

Click here to take the quiz!

General Stats

  • This quiz has been taken 60 times
    (30 since last reset)
  • The average score is 4 of 5

Answer Stats

Answer% Correct
Australia
100%
Argentina
97%
Angola
90%
Uruguay
86%
East Timor
48%

Score Distribution

Percentile by Number Answered

Percent of People with Each Score

Your Score History

You have not taken this quiz since the last reset